[Event "5th IECC"]
[Site "Antalya TUR"]
[Date "2004.05.23"]
[Round "8"]
[White "Nikolic,Pr"]
[Black "Minasian,Art"]
[Result "1-0"]
[WhiteElo "2648"]
[BlackElo "2585"]

1.d4 g6 2.c4 Bg7 3.Nf3 c5 4.d5 d6 5.g3 Nf6 6.Bg2 O-O 7.O-O e6 8.dxe6 Bxe6
9.Ng5 Bxc4 10.Bxb7 Nbd7 11.Na3 Rb8 12.Nxc4 Rxb7 13.Nxd6 Rb4 14.Qc2 Qe7 15.a3 Rb6
16.Nc4 Ra6 17.Rd1 h6 18.Nh3 Re8 19.Nf4 g5 20.Ng2 Ne5 21.Nge3 Nxc4 22.Qxc4 Rd6
23.Rd3 Rxd3 24.Qxd3 Ne4 25.Nc4 Rd8 26.Qb3 Qe6 27.Be3 Bxb2 28.Qxb2 Qxc4 29.Rc1 Qe6
30.Bxc5 Rd2 31.Qb8+ Kh7 32.Bxa7 Rxe2 33.Qb5 Nd2 34.Qd3+ Qe4 35.Qxe4+ Rxe4
36.Be3 Nc4 37.Bc5 Ne5 38.Ra1 Ra4 39.Kf1 Kg6 40.Ke2 Kf5 41.h3 h5 42.Rb1 Rc4
43.Rb5 f6 44.Kd2 g4 45.hxg4+ hxg4 46.Be7 Rc7 47.Bb4 Ke4 48.Rc5 Rd7+ 49.Ke2 Ra7
50.Rc3 Ra6 51.Kd2 Nf3+ 52.Kc2 Nd4+ 53.Kb2 f5 54.Re3+ Kd5 55.Bc3 Kc4 56.Bxd4 Kxd4
57.Rb3 Re6 58.Rb4+ Kc5 59.Kb3 Ra6 60.a4 Ra8 61.Rb5+ Kd4 62.Rxf5 Rb8+ 63.Kc2  1-0

[Event "5th IECC"]
[Site "Antalya TUR"]
[Date "2004.05.25"]
[Round "10"]
[White "Nikolic,Pr"]
[Black "Kempinski,R"]
[Result "1/2-1/2"]
[WhiteElo "2648"]
[BlackElo "2586"]

1.d4 Nf6 2.Nf3 g6 3.g3 Bg7 4.Bg2 d5 5.O-O c6 6.b3 O-O 7.Bb2 Bf5 8.c4 a5 9.Nc3 Ne4
10.e3 Nxc3 11.Bxc3 Be4 12.Qe2 a4 13.Rfc1 axb3 14.axb3 Rxa1 15.Rxa1 c5 16.Qb2 cxd4
17.Bxd4 Bxd4 18.exd4 Nc6 19.c5 e6 20.Nd2 Bxg2 21.Kxg2 Qf6 22.Nf3 g5 23.h3 h5
24.Qc3 Qf5 25.Re1 Ra8  1/2-1/2

[Event "5th IECC"]
[Site "Antalya TUR"]
[Date "2004.05.27"]
[Round "11"]
[White "Krasenkow,M"]
[Black "Nikolic,Pr"]
[Result "0-1"]
[WhiteElo "2609"]
[BlackElo "2648"]

1.d4 f5 2.c4 Nf6 3.Nc3 e6 4.Qc2 Bb4 5.e3 O-O 6.Bd3 d5 7.Ne2 c6 8.Bd2 Nbd7
9.f3 dxc4 10.Bxc4 Nb6 11.Bb3 Kh8 12.O-O-O Qe7 13.h4 Bd7 14.e4 fxe4 15.Nxe4 Bxd2+
16.Rxd2 Nbd5 17.Ng5 e5 18.Qd3 Rae8 19.Ng3 exd4 20.Qxd4 c5 21.Qd3 Nf4 22.Qc4 Qe3
23.Nf7+ Rxf7 24.Qxf7 Nd3+ 25.Kd1 Ne5 26.Qxe8+ Bxe8 27.Re1 Qf4 28.Ne4 c4 29.Bc2 Nfd7
30.Nc5 Bg6 31.Bxg6 hxg6 32.Nxd7 c3 33.bxc3 Nxd7 34.Re7 Qa4+ 35.Ke2 Nf6 36.Rc7 Qb5+
37.Kd1 Nd5 38.Rc8+ Kh7 39.c4 Qd7 40.Rc5 Ne3+ 41.Ke1 Qe7 42.Rc8 Nxg2+ 43.Kd1 Ne3+
44.Ke1 Nxc4+ 45.Re2 Qb4+ 46.Kf1 Nd6 47.Ra8 a6 48.Kg2 Qc4 49.Rd2 Nf5 50.Rdd8 Nxh4+  0-1

[Event "5th IECC"]
[Site "Antalya TUR"]
[Date "2004.05.28"]
[Round "12"]
[White "Nikolic,Pr"]
[Black "Miroshnichenko,E"]
[Result "1/2-1/2"]
[WhiteElo "2648"]
[BlackElo "2599"]

1.d4 Nf6 2.Nf3 g6 3.g3 Bg7 4.Bg2 O-O 5.O-O d5 6.c4 c6 7.cxd5 cxd5 8.Ne5 e6
9.Nc3 Nfd7 10.f4 Nc6 11.Be3 Nb6 12.Bf2 Ne7 13.Rc1  1/2-1/2

[Event "5th IECC"]
[Site "Antalya TUR"]
[Date "2004.05.29"]
[Round "13"]
[White "Nikolic,Pr"]
[Black "Navara,D"]
[Result "1-0"]
[WhiteElo "2648"]
[BlackElo "2602"]

1.d4 Nf6 2.Nf3 g6 3.g3 Bg7 4.Bg2 d5 5.O-O c6 6.b3 O-O 7.Bb2 Bf5 8.c4 a5 9.Nc3 Ne4
10.e3 Nd7 11.Qe2 Nxc3 12.Bxc3 a4 13.cxd5 cxd5 14.Qb5 axb3 15.axb3 Qb6 16.Qxb6 Nxb6
17.Ba5 Ra6 18.Bb4 Bd3 19.Rfc1 Re8 20.Ne1 Rxa1 21.Rxa1 Bb5 22.Ba5 Ra8 23.Nc2 Ra6
24.Bxb6 Rxb6 25.Ra8+ Bf8 26.Bxd5 e6 27.Bc4 Kg7 28.Kg2 Bxc4 29.bxc4 Rb1 30.Ra1 Rb3
31.Ne1 Rb4 32.Rc1 Bd6 33.Kf3 b6 34.Nd3 Ra4 35.Rc2 Kf6 36.h4 e5 37.Rb2 exd4
38.Rxb6 Ke7 39.Rb7+ Kf6 40.c5 Bf8 41.e4 Rc4 42.e5+ Kg7 43.e6 Rc3 44.Rxf7+ Kg8
45.Ke4 Bxc5 46.Ne5 Bf8 47.e7 Bxe7 48.Rxe7 Rc2 49.f4  1-0

[Event "5th IECC Playoff Final"]
[Site "Antalya TUR"]
[Date "2004.05.30"]
[Round "1"]
[White "Ivanchuk,V"]
[Black "Nikolic,Pr"]
[Result "1-0"]
[WhiteElo "2716"]
[BlackElo "2648"]

1.e4 e5 2.f4 exf4 3.Bc4 Qh4+ 4.Kf1 d6 5.d4 Be6 6.Qd3 Nf6 7.Nf3 Qg4 8.Nc3 Be7
9.h3 Qg6 10.Bxf4 O-O 11.Re1 Nh5 12.Bh2 Ng3+ 13.Bxg3 Qxg3 14.Ne2 Qg6 15.Nf4 Qh6
16.g3 Nd7 17.Kg2 Nb6 18.Bxe6 fxe6 19.Rhf1 c5 20.d5 Rxf4 21.gxf4 Qxf4 22.dxe6 Rf8
23.b4 Rf6 24.Qb5 Rxe6 25.bxc5 Bh4 26.Nxh4 Qxh4 27.Qb3 d5 28.cxb6  1-0

[Event "5th IECC Playoff Final"]
[Site "Antalya TUR"]
[Date "2004.05.30"]
[Round "2"]
[White "Nikolic,Pr"]
[Black "Ivanchuk,V"]
[Result "0-1"]
[WhiteElo "2648"]
[BlackElo "2716"]

1.d4 d5 2.c4 c6 3.Nf3 e6 4.Qc2 Nf6 5.g3 dxc4 6.Qxc4 b5 7.Qc2 Bb7 8.Bg2 Nbd7
9.a4 c5 10.O-O cxd4 11.Nxd4 Bxg2 12.Kxg2 Rc8 13.Qb3 Qb6 14.Nf3 b4 15.a5 Qa6
16.Be3 Be7 17.Nbd2 O-O 18.Qd3 Qxd3 19.exd3 Bc5 20.d4 Be7 21.Rfc1 Nd5 22.Nb3 f6
23.Nfd2 Kf7 24.Ne4 Rfd8 25.h4 h6 26.Bd2 e5 27.g4 a6 28.h5 Bf8 29.f3 exd4
30.Nxd4 Ne5 31.b3 Nc3 32.Bxc3 bxc3 33.Ne2 c2 34.N2c3 Rd3 35.Rxc2 Rxf3 36.Rd1 Bb4
37.Rdc1 Re3  0-1

[Event "TCh-BIH"]
[Site "Neum BIH"]
[Date "2004.06.01"]
[Round "4"]
[White "Nikolic,Pr"]
[Black "Kosic,D"]
[Result "1-0"]
[WhiteElo "2648"]
[BlackElo "2501"]

1.Nf3 Nf6 2.g3 d5 3.Bg2 c6 4.O-O Bf5 5.d3 h6 6.c4 dxc4 7.dxc4 Qxd1 8.Rxd1 Bc2
9.Rd2 Bh7 10.b4 Ne4 11.Rd1 Nd7 12.b5 cxb5 13.cxb5 e6 14.Nfd2 Ndf6 15.Nxe4 Bxe4
16.Bb2 Bxg2 17.Kxg2 Be7 18.Nd2 Rc8 19.Rac1 O-O 20.Nc4 a6 21.bxa6 bxa6 22.Na5 Rxc1
23.Rxc1 Rb8 24.Be5 Rb5 25.Rc8+ Kh7 26.Nc6 Ng4 27.Bd4 e5 28.a4 Rd5 29.Bb6 Ba3
30.Nb8 a5 31.Rd8 Rxd8 32.Bxd8 Bc5 33.e3 Bxe3 34.fxe3 Nxe3+ 35.Kf3 Nc4 36.Nd7 f5
37.Nb6 Nd2+ 38.Ke3 Nb3 39.Nc4 Nc5 40.Nxe5 Nxa4 41.Kd4 Nb2 42.Bxa5 g5 43.Kd5 Nd1
44.Bb6 h5 45.Bd4 Kh6 46.Ke6  1-0

[Event "TCh-BIH"]
[Site "Neum BIH"]
[Date "2004.06.05"]
[Round "8"]
[White "Nikolic,Pr"]
[Black "Bistric,F"]
[Result "1-0"]
[WhiteElo "2648"]
[BlackElo "2488"]

1.d4 d5 2.c4 dxc4 3.e4 Nc6 4.Be3 Nf6 5.Nc3 g6 6.Bxc4 Bg7 7.h3 Nd7 8.Nf3 O-O
9.Rc1 Nb6 10.Be2 e6 11.O-O f5 12.Qd2 fxe4 13.Nxe4 Qd5 14.Nc3 Qa5 15.Rfe1 Bd7
16.Bh6 Rad8 17.Bxg7 Kxg7 18.Bb5 Rf5 19.d5 Nxd5 20.Bxc6 bxc6 21.Nd4 Rf6 22.Qg5 Qb4
23.Re4 Qf8 24.Rh4 Kg8 25.Ne4 Rf7 26.Nc5 Re8 27.Re4 Bc8 28.Ncxe6 Bxe6 29.Rxe6 Nf4
30.Re3 Rxe3 31.fxe3 Nd3 32.Rd1 Nc5 33.Nxc6 Ne6 34.Qe5 Rf6 35.Rd7 Qe8  1-0

[Event "ACT Open"]
[Site "Amsterdam NED"]
[Date "2004.07.18"]
[Round "2"]
[White "Willemze,J"]
[Black "Nikolic,Pr"]
[Result "1/2-1/2"]
[WhiteElo "2422"]
[BlackElo "2671"]

1.e4 d6 2.d4 Nf6 3.Nc3 g6 4.Be3 Bg7 5.Qd2 c6 6.Bh6 Bxh6 7.Qxh6 Qa5 8.Bd3 c5
9.Ne2 cxd4 10.Nxd4 Qb6 11.O-O-O Nc6 12.Bb5 a6 13.Bxc6+ bxc6 14.Rhe1 Rb8 15.b3 Qc5
16.Kb2 Bd7 17.e5 dxe5 18.Nf3 Qxf2 19.Nxe5 Be6 20.Nxg6 Rg8 21.Nf4 Rd8 22.Re2 Qb6
23.Rxd8+ Qxd8 24.Nxe6 fxe6 25.Rxe6 Kf7 26.Re2 Qd4 27.Qd2 c5 28.g3 Rg4 29.Qe3 Qd6
30.Qe5 h5 31.Na4 c4 32.Nc5 cxb3 33.axb3 h4 34.Qxd6 exd6 35.Nxa6 hxg3 36.hxg3 Rxg3
37.Ka3 Nd5 38.c4 Ne3 39.Ka4 Ke7 40.Kb5 Kd7 41.Rh2 Nf5 42.Rh7+ Rg7 43.Rh3 Rg3
44.Rxg3 Nxg3 45.Nb8+ Kc7 46.Nc6 Ne2 47.Na5 Nd4+ 48.Ka4 Kb6 49.b4 Ne2 50.Kb3 Nc1+
51.Kb2 Nd3+ 52.Ka3 Ne5 53.Kb3 Nd3 54.Kc3 Nc1 55.Kb2  1/2-1/2

[Event "ACT Open"]
[Site "Amsterdam NED"]
[Date "2004.07.19"]
[Round "3"]
[White "Nikolic,Pr"]
[Black "Peek,Mar"]
[Result "1-0"]
[WhiteElo "2671"]
[BlackElo "2406"]

1.d4 d5 2.Nf3 Nc6 3.e3 Bg4 4.Nbd2 e6 5.c4 Bb4 6.a3 Bxd2+ 7.Bxd2 Nf6 8.Be2 O-O
9.O-O Ne4 10.Be1 a5 11.h3 Bh5 12.Rc1 Kh8 13.Ne5 Bxe2 14.Qxe2 Ne7 15.f3 Nf6
16.cxd5 Nfxd5 17.Bf2 Nb6 18.Rfd1 Nd7 19.Qb5 Nxe5 20.dxe5 Qc8 21.Qc5 Nc6 22.b4 axb4
23.axb4 Qe8 24.e4 Rc8 25.Rd3 Nb8 26.Qc4 h6 27.f4 c6 28.Rcd1 Rc7 29.Rd6 Rd7
30.Qd4 Rxd6 31.exd6 Nd7 32.e5 f6 33.exf6 Rxf6 34.Qe4 Qf7 35.Ra1 Nf8 36.Ra8 Qd7
37.Bh4  1-0

[Event "ACT Open"]
[Site "Amsterdam NED"]
[Date "2004.07.23"]
[Round "7"]
[White "Nikolic,Pr"]
[Black "Sokolov,I"]
[Result "1/2-1/2"]
[WhiteElo "2671"]
[BlackElo "2679"]

1.Nf3 d5 2.d4 c6 3.c4 Nf6 4.cxd5 cxd5 5.Nc3 Nc6 6.Bf4 a6 7.e3 Bg4 8.h3 Bxf3
9.Qxf3 e6 10.Bd3 h6 11.O-O Bd6 12.Bxd6 Qxd6 13.Rac1  1/2-1/2

[Event "ACT Open"]
[Site "Amsterdam NED"]
[Date "2004.07.24"]
[Round "8"]
[White "Martens,M"]
[Black "Nikolic,Pr"]
[Result "0-1"]
[WhiteElo "2430"]
[BlackElo "2671"]

1.e4 e6 2.Nf3 d5 3.e5 c5 4.b4 cxb4 5.a3 Nc6 6.axb4 Bxb4 7.c3 Be7 8.d4 Bd7
9.Bd3 f5 10.h3 h5 11.Rg1 Nh6 12.Bxh6 Rxh6 13.g4 hxg4 14.hxg4 fxg4 15.Rxg4 Qb6
16.Nbd2 Rh1+ 17.Ng1 O-O-O 18.Rb1 Qc7 19.Nf3 Rg8 20.Bg6 Rf8 21.Kf1 Na5 22.Bd3 Rg8
23.Bg6 Kb8 24.Kg2 Rgh8 25.Qc2 Nc4 26.Re1 Qd8 27.Ne2 R8h2+ 28.Nxh2 Rxe1 29.Nf4 a5
30.Bf7 g5 31.Bxe6 Bc6 32.Nf3 Ra1 33.Nh3 a4 34.Nhxg5 a3 35.Nh7 Qb6 36.Nf6 Qb1
37.Qe2 Qd1 38.Qxd1 Rxd1 39.Bxd5 a2 40.Bxc4 a1=Q 41.d5 Ba4 42.Be2 Qb2 43.Nd4 Rd2
44.Bf3 Qxc3 45.Ne4 Qxd4 46.Nxd2 Qxd2 47.d6 Bxd6 48.exd6 Bd7 49.Rg6 Qf4  0-1

[Event "Bundesliga 2004-5"]
[Site "Wattenscheid GER"]
[Date "2004.11.26"]
[Round "7"]
[White "Nikolic,Pr"]
[Black "Nielsen,PH"]
[Result "0-1"]
[WhiteElo "2676"]
[BlackElo "2663"]

1.d4 Nf6 2.c4 e6 3.Nf3 d5 4.Bg5 Bb4+ 5.Nc3 dxc4 6.e4 c5 7.Bxc4 cxd4 8.Nxd4 Bxc3+
9.bxc3 Qa5 10.Nb5 Nxe4 11.Qd4 O-O 12.Qxe4 a6 13.Be7 axb5 14.Bb4 Qc7 15.Bxf8 Kxf8
16.Bb3 Qxc3+ 17.Ke2 Qb2+ 18.Kf3 Qc3+ 19.Qe3 Qf6+ 20.Qf4 Qc3+ 21.Ke2 Qb2+
22.Kd3 Nc6 23.Rhc1 Ne5+ 24.Ke3 Nc4+ 25.Bxc4 bxc4 26.a4 Ra5 27.Qxc4 Re5+ 28.Kf4 Rf5+
29.Kg4 Bd7 30.Rd1 Qxf2 31.Ra2 Rf4+ 32.Qxf4 e5+  0-1

[Event "Bundesliga 2004-5"]
[Site "Wattenscheid GER"]
[Date "2004.11.27"]
[Round "3"]
[White "Landa,K"]
[Black "Nikolic,Pr"]
[Result "1-0"]
[WhiteElo "2571"]
[BlackElo "2676"]

1.e4 e5 2.Nf3 Nc6 3.Bb5 a6 4.Ba4 Nf6 5.O-O Be7 6.Re1 b5 7.Bb3 d6 8.c3 O-O
9.h3 Na5 10.Bc2 c5 11.d4 Qc7 12.Nbd2 Bd7 13.Nf1 Rfe8 14.d5 c4 15.Ng3 Nb7
16.Nh2 Nc5 17.f4 exf4 18.Bxf4 h6 19.Qf3 Nh7 20.Rf1 Bg5 21.Nh5 Bxf4 22.Qxf4 f6
23.Qg3 Re7 24.Nxf6+ Nxf6 25.Rxf6 Nxe4 26.Bxe4 Rxe4 27.Raf1 Re5 28.Rf7 Qc5+
29.Kh1 Rg5 30.Qf3 Be8 31.h4 Re5 32.Rxg7+ Kxg7 33.Qf8+ Kh7 34.Ng4  1-0

[Event "Bundesliga 2004-5"]
[Site "Wattenscheid GER"]
[Date "2004.11.28"]
[Round "4"]
[White "Nikolic,Pr"]
[Black "Volokitin,And"]
[Result "1/2-1/2"]
[WhiteElo "2676"]
[BlackElo "2652"]

1.d4 Nf6 2.c4 e6 3.Nf3 c5 4.d5 b5 5.dxe6 fxe6 6.cxb5 d5 7.g3 a6 8.bxa6 Bd6
9.Bg2 O-O 10.O-O Bxa6 11.Nc3 Nc6 12.a4 Nb4 13.Ra3 Qe8 14.Nb5 Bxb5 15.axb5 Rb8
16.Ng5 h6 17.Ne4 Nxe4 18.Bxe4 dxe4 19.Qxd6 Nc2 20.Ra7 Nd4 21.Qxc5 Nxe2+ 22.Kg2 Rxb5
23.Qc4 Nxc1 24.Qxc1 Qh5 25.Ra3 Qe2  1/2-1/2

[Event "TCh-SLO"]
[Site "Celje SLO"]
[Date "2004.11.29"]
[Round "1"]
[White "Kozul,Z"]
[Black "Nikolic,Pr"]
[Result "1/2-1/2"]
[WhiteElo "2640"]
[BlackElo "2676"]

1.d4 d5 2.c4 c6 3.e3 Bf5 4.Nc3 e6 5.g4 Bg6 6.h4 h6 7.h5 Bh7 8.Bd3 Nf6 9.Bxh7 Nxh7
10.a3 dxc4 11.e4 Nd7 12.f4 c5 13.d5 e5 14.Nf3 Bd6 15.f5 a6 16.a4 Rb8 17.a5 Bc7
18.Qa4 O-O 19.Rg1 Kh8 20.Rg2 Bd6 21.Qxc4 Be7 22.Bd2 Bg5 23.Nd1 Bxd2+ 24.Rxd2 Ng5
25.Nxg5 Qxg5 26.Nf2 Rfc8 27.d6 Kg8 28.Ke2 Rc6 29.Qc3 c4 30.Ra4 Rbc8 31.Rb4 Qf6
32.Rxb7 Nc5 33.Rc7 Nb3 34.Rxc8+ Rxc8 35.Rd5 Nd4+ 36.Kf1 Rd8 37.Qxc4 Rxd6
38.b4 Rc6 39.Rc5 Rxc5 40.Qxc5 Nb5 41.Ke2 Nd4+ 42.Kd3 Kh7 43.Nd1 Qh4 44.Qxe5 Nf3
45.Qf4 Qh1 46.Ne3 Qb1+ 47.Ke2 Nd4+ 48.Kd2 Qxb4+ 49.Kd3 Nc6 50.f6 Qb5+ 51.Kc2 Nd4+
52.Kd2 Qxa5+ 53.Kd3 Ne6 54.Qf5+ Qxf5 55.exf5 Nc5+ 56.Kc4 Ne4 57.Nd5 Nf2 58.fxg7 Kxg7
59.f6+ Kf8 60.Ne3 Ne4 61.Nf5 Nxf6 62.Nxh6  1/2-1/2

[Event "TCh-SLO"]
[Site "Celje SLO"]
[Date "2004.11.30"]
[Round "2"]
[White "Nikolic,Pr"]
[Black "Stevic,H"]
[Result "1-0"]
[WhiteElo "2676"]
[BlackElo "2539"]

1.d4 d5 2.Nf3 Nf6 3.c4 dxc4 4.Nc3 a6 5.e4 b5 6.e5 Nd5 7.a4 e6 8.axb5 Nb6
9.Be3 Bb7 10.bxa6 Rxa6 11.Rxa6 Nxa6 12.Bxc4 Nxc4 13.Qa4+ Qd7 14.Qxc4 Nb4
15.Qb5 Qxb5 16.Nxb5 Bc6 17.Nc3 Be7 18.Kd2 Kd7 19.Ra1 Rb8 20.Ne1 g5 21.f3 h5
22.Ne4 g4 23.Bg5 gxf3 24.gxf3 Bxe4 25.Bxe7 Bf5 26.Bxb4 Rxb4 27.Kc3 Rb6 28.b4 h4
29.Ng2 h3 30.Ne3 Bg6 31.Ra8 Bh5 32.Nc4 Rb7 33.Nd2 Bg6 34.Nb3 Rb6 35.Nc5+ Kc6
36.Kc4 Bh5 37.Ra3 Bg6 38.Ra5  1-0

[Event "TCh-SLO"]
[Site "Celje SLO"]
[Date "2004.12.02"]
[Round "5"]
[White "Nikolic,Pr"]
[Black "Jelen,Ig"]
[Result "1-0"]
[WhiteElo "2676"]
[BlackElo "2346"]

1.d4 Nf6 2.Nf3 g6 3.g3 Bg7 4.Bg2 d5 5.O-O O-O 6.Nbd2 Nc6 7.c4 dxc4 8.Nxc4 Be6
9.b3 Bd5 10.Bb2 a5 11.Ne3 Be4 12.a3 Qc8 13.Nc4 Rd8 14.e3 h6 15.Qe2 Qe6 16.Rac1 Bd5
17.Rfd1 Ne4 18.Ne1 Nd6 19.Bxd5 Qxd5 20.Nd3 a4 21.Nd2 Qb5 22.b4 Rac8 23.Rc5 Qa6
24.Rdc1 Nb5 25.R5c2 Nd6 26.Kf1 Qa7 27.Rc5 Qa6 28.Ne5 Nxe5 29.Qxa6 bxa6 30.dxe5 Nb5
31.Ke2 e6 32.Rc6 Ra8 33.Ne4 Rdb8 34.Rd1 a5 35.bxa5 Rxa5 36.f4 Na7 37.Rc2 Rd5
38.Rxd5 exd5 39.Nc3 c6 40.Nxa4 Bf8 41.Bd4 Nb5 42.Rxc6 Ra8 43.Nc3  1-0

[Event "TCh-SLO"]
[Site "Celje SLO"]
[Date "2004.12.03"]
[Round "7"]
[White "Nikolic,Pr"]
[Black "Beliavsky,A"]
[Result "1/2-1/2"]
[WhiteElo "2676"]
[BlackElo "2660"]

1.d4 Nf6 2.c4 e6 3.Nf3 d5 4.Nc3 Be7 5.Bg5 h6 6.Bh4 O-O 7.e3 b6 8.Be2 Bb7
9.Bxf6 Bxf6 10.cxd5 exd5 11.O-O Qe7 12.Rc1  1/2-1/2

[Event "TCh-SLO"]
[Site "Celje SLO"]
[Date "2004.12.05"]
[Round "9"]
[White "Nikolic,Pr"]
[Black "Ruck,R"]
[Result "1/2-1/2"]
[WhiteElo "2676"]
[BlackElo "2562"]

1.d4 Nf6 2.Nf3 g6 3.g3 Bg7 4.Bg2 d5 5.O-O O-O 6.Nbd2 c6 7.b3 a5 8.Bb2 a4
9.e3 Bf5 10.c4 Ne4 11.Nxe4 Bxe4 12.Qe2 Qb6 13.Nd2 Bxg2 14.Kxg2 axb3 15.axb3 Rxa1
16.Rxa1 dxc4 17.Qxc4 Na6 18.Ne4 Rd8 19.h4 Rd5 20.Nc3 Rd8 21.h5 Qc7 22.Rh1 Qd7
23.Ne2 Qd5+ 24.f3 e5 25.Qxd5 Rxd5 26.h6 Bh8 27.f4 exd4 28.Bxd4 Bxd4 29.Nxd4 f6
30.Kf3 Kf7 31.g4 Nc7 32.Ra1 c5 33.Ne2 Rd3 34.b4 Nd5 35.bxc5 Rxe3+ 36.Kf2 Re4
37.Ra7 Re7 38.f5 gxf5 39.gxf5 Nb4 40.Nf4 Nc6 41.Ra8 Nd4 42.Rh8 Nxf5 43.Rxh7+ Kg8
44.Rxe7 Nxe7 45.Nh5 Kh7 46.Nxf6+ Kxh6 47.Ke3 Kg6 48.Ne8 Kf7 49.Nd6+ Ke6 50.Nxb7  1/2-1/2

[Event "Bundesliga 2004-5"]
[Site "Porz GER"]
[Date "2004.12.12"]
[Round "6"]
[White "Khenkin,I"]
[Black "Nikolic,Pr"]
[Result "1/2-1/2"]
[WhiteElo "2587"]
[BlackElo "2676"]

1.d4 d5 2.c4 dxc4 3.Nf3 c5 4.d5 e6 5.Nc3 a6 6.e4 b5 7.a4 b4 8.dxe6 Qxd1+
9.Nxd1 Bxe6 10.Ng5 Nc6 11.Nxe6 fxe6 12.Bxc4 Nd4 13.O-O Ne7 14.Be3 Nec6 15.Bxd4 Nxd4
16.f4 g6 17.Ne3  1/2-1/2

[Event "Corus B"]
[Site "Wijk aan Zee NED"]
[Date "2005.01.15"]
[Round "1"]
[White "Nikolic,Pr"]
[Black "Stellwagen,D"]
[Result "0-1"]
[WhiteElo "2676"]
[BlackElo "2524"]

1.d4 Nf6 2.c4 c5 3.d5 e6 4.Nc3 exd5 5.cxd5 d6 6.g3 g6 7.Bg2 Bg7 8.Nf3 O-O
9.O-O Re8 10.a4 Na6 11.Nd2 Nc7 12.Nc4 b6 13.Nxd6 Qxd6 14.Bf4 Qd7 15.d6 Ne6
16.Bxa8 Nxf4 17.gxf4 Qg4+ 18.Kh1 Qxf4 19.e3 Qh4 20.f3 Bd7 21.Bb7 Rxe3 22.Re1 Bh6
23.Rxe3 Bxe3 24.Qe1 Qg5 25.Rd1 Bd4 26.Ne4 Nxe4 27.Qxe4 Bh3 28.f4 Qg4 29.Qd3 Qd7
30.Bg2 Bf5 31.Qa6 Qxd6 32.Qxa7 Qxf4 33.Rf1 Qh4 34.Qb8+ Kg7 35.b3 Be6 36.Qd6 Bxb3
37.Bd5 Bxd5+ 38.Qxd5 Qe7 39.Qf3 Qd7 40.Kg2 h5 41.Rb1 Qxa4 42.Rxb6 Qc2+ 43.Kf1 Qxh2
44.Rb7 Bf6 45.Qd5 Qf4+ 46.Ke2 Bd4 47.Rb3 h4 48.Qb7 Qf2+ 49.Kd1 Qf1+ 50.Kd2 c4
51.Rf3 c3+  0-1

[Event "Corus B"]
[Site "Wijk aan Zee NED"]
[Date "2005.01.16"]
[Round "2"]
[White "Nikolic,Pr"]
[Black "Smeets,J"]
[Result "1/2-1/2"]
[WhiteElo "2676"]
[BlackElo "2475"]

1.d4 Nf6 2.c4 g6 3.Nf3 Bg7 4.g3 d5 5.cxd5 Nxd5 6.Bg2 Nb6 7.Nc3 Nc6 8.e3 e5
9.d5 Nb4 10.e4 c6 11.a3 Na6 12.dxc6 Qxd1+ 13.Nxd1 Nc5 14.Be3 Nb3 15.Rb1 bxc6
16.Nd2 Nxd2 17.Bxd2 Nc4 18.Ne3 Nxd2 19.Kxd2 Be6 20.Rhc1 O-O-O+ 21.Ke1 Rd6
22.Rc3 Bh6 23.Rbc1 Kb7 24.Bf3 Rhd8 25.R1c2 Rd3 26.Rxc6 Bxe3 27.fxe3 Rxe3+
28.Kf2 Rb3 29.R6c5 Rd6 30.Rxe5 Rdb6 31.Ra5 Rxb2 32.e5+ Kb8 33.Rxb2 Rxb2+
34.Ke3 Rxh2 35.Rb5+ Kc8 36.Rc5+ Kb8 37.Rb5+ Kc8 38.Rc5+ Kb8  1/2-1/2

[Event "Corus B"]
[Site "Wijk aan Zee NED"]
[Date "2005.01.18"]
[Round "4"]
[White "Nikolic,Pr"]
[Black "Ramirez,Al"]
[Result "1/2-1/2"]
[WhiteElo "2676"]
[BlackElo "2507"]

1.d4 Nf6 2.Nf3 g6 3.g3 Bg7 4.Bg2 c5 5.d5 d6 6.c4 b5 7.cxb5 a6 8.bxa6 O-O
9.O-O Nxa6 10.Nc3 Bf5 11.Nd2 Nb4 12.Nc4 Bc2 13.Qd2 Bb3 14.Na3 Bxd5 15.Nxd5 Nfxd5
16.Nc4 Nb6 17.Nxb6 Qxb6 18.Bxa8 Rxa8 19.Qe3 Qb7 20.Qb3 Qe4 21.Be3 Qc2 22.Bg5 Qxb2
23.Qf3 Qa3 24.Qxa3 Rxa3 25.Bxe7 Bxa1 26.Rxa1 Rxa2 27.Rxa2 Nxa2 28.Kf1 c4
29.Ke1 Nc3 30.Bxd6 Nb5 31.Be5 f5 32.e4 fxe4  1/2-1/2

[Event "Corus B"]
[Site "Wijk aan Zee NED"]
[Date "2005.01.20"]
[Round "5"]
[White "Kosteniuk,A"]
[Black "Nikolic,Pr"]
[Result "1/2-1/2"]
[WhiteElo "2490"]
[BlackElo "2676"]

1.e4 e5 2.Nf3 Nc6 3.Bb5 a6 4.Ba4 Nf6 5.O-O Be7 6.Re1 b5 7.Bb3 d6 8.c3 Bg4
9.h3 Bh5 10.a4 O-O 11.Qe2 b4 12.a5 d5 13.d3 bxc3 14.bxc3 Rb8 15.Nbd2 d4 16.Ba4 dxc3
17.Bxc6 cxd2 18.Bxd2 Bxf3 19.Qxf3 Bb4 20.Red1 Qd6 21.Rac1 Bxd2 22.Rxd2 Rb4
23.Rdc2 g6 24.Qe3 Rfb8 25.Rc5 Rd4 26.Qg5 Rxd3 27.Qxe5 Rd2 28.Qxd6 cxd6 29.R5c2 Rxc2
30.Rxc2 Kf8 31.Bd5 Nxd5 32.exd5 Rb5 33.Rc6 Rxa5 34.Rxd6 Ke7 35.Rb6 Rxd5 36.Rxa6  1/2-1/2

[Event "Corus B"]
[Site "Wijk aan Zee NED"]
[Date "2005.01.21"]
[Round "6"]
[White "Nikolic,Pr"]
[Black "Nielsen,PH"]
[Result "1/2-1/2"]
[WhiteElo "2676"]
[BlackElo "2648"]

1.d4 Nf6 2.Nf3 d5 3.g3 c5 4.Bg2 cxd4 5.O-O h6 6.b3 g6 7.Bb2 Bg7 8.Nxd4 O-O
9.c4 dxc4 10.bxc4 Qb6 11.Qb3 Na6 12.Nd2 Nd7 13.N2f3 Ndc5 14.Qe3 Be6 15.Nxe6 Qxe6
16.Ne5 Rad8 17.Rfd1 Qb6 18.Ba3 Qc7 19.f4  1/2-1/2

[Event "Corus B"]
[Site "Wijk aan Zee NED"]
[Date "2005.01.23"]
[Round "8"]
[White "Nikolic,Pr"]
[Black "Ernst,S"]
[Result "0-1"]
[WhiteElo "2676"]
[BlackElo "2509"]

1.d4 d5 2.c4 dxc4 3.e4 c5 4.d5 Nf6 5.Nc3 b5 6.f3 a6 7.Bg5 h6 8.Bh4 e6 9.Nge2 Be7
10.Bg3 exd5 11.exd5 Bd6 12.a4 b4 13.Ne4 Nxe4 14.fxe4 O-O 15.e5 Bxe5 16.Bxe5 Re8
17.Bg3 Qf6 18.Qc2 Bf5 19.Qxc4 Qxb2 20.Rd1 Bc2 21.Bf4 Re4 22.Qxc5 Nd7 23.Qc7 Bxd1
24.Kxd1 Rae8 25.Bd2 Nf6 26.Nc1 Nxd5 27.Qc2 Re1+  0-1

[Event "Corus B"]
[Site "Wijk aan Zee NED"]
[Date "2005.01.26"]
[Round "10"]
[White "Nikolic,Pr"]
[Black "Onischuk,Al"]
[Result "1/2-1/2"]
[WhiteElo "2676"]
[BlackElo "2652"]

1.d4 Nf6 2.c4 e6 3.Nf3 d5 4.Nc3 Be7 5.Bg5 h6 6.Bxf6 Bxf6 7.e3 O-O 8.Qb3 c6
9.Rd1 a6 10.cxd5 cxd5 11.Bd3 Nc6 12.O-O b5 13.Bb1 g6 14.e4 Bg7 15.Rfe1 Na5
16.Qc2 b4 17.Na4 dxe4 18.Qxe4 Bb7 19.Qf4 Qf6 20.Qxf6  1/2-1/2

[Event "Bundesliga 2004-5"]
[Site "Solingen GER"]
[Date "2005.02.12"]
[Round "10"]
[White "Gustafsson,J"]
[Black "Nikolic,Pr"]
[Result "1/2-1/2"]
[WhiteElo "2603"]
[BlackElo "2676"]

1.Nf3 Nf6 2.c4 e6 3.Nc3 Bb4 4.Qc2 b6 5.a3 Bxc3 6.Qxc3 Bb7 7.e3 O-O 8.Be2 d5
9.b3 c5 10.Bb2 Nc6 11.O-O Rc8 12.cxd5 Qxd5 13.Rac1 Rfd8 14.Rfd1 Qe4 15.Qc2  1/2-1/2

[Event "Bundesliga 2004-5"]
[Site "Solingen GER"]
[Date "2005.02.13"]
[Round "11"]
[White "Nikolic,Pr"]
[Black "Pedersen,Stef"]
[Result "0-1"]
[WhiteElo "2676"]
[BlackElo "2441"]

1.Nf3 Nf6 2.g3 d5 3.Bg2 c5 4.O-O Nc6 5.d4 e6 6.c4 dxc4 7.Qa4 Bd7 8.Qxc4 b5
9.Qd3 Rc8 10.Bg5 cxd4 11.Nxd4 Ne5 12.Qb3 Qb6 13.Nf3 Nxf3+ 14.Bxf3 Be7 15.Rd1 h6
16.Be3 Bc5 17.Bxc5 Qxc5 18.Nc3 O-O 19.Rd2 b4 20.Ne4 Nxe4 21.Bxe4 Bb5 22.Rad1 a5
23.Qf3 Qe5 24.Qf4 Qxf4 25.gxf4 Rc5 26.Kf1 g5 27.fxg5 hxg5 28.h3 Kg7 29.Ke1 Rh8
30.Bg2 Ba4 31.Ra1 Rhc8 32.b3 Bc6 33.Kf1 Bb5 34.Bf3 Rc1+ 35.Rxc1 Rxc1+ 36.Kg2 Kf6
37.Bh5 Bc6+ 38.Bf3 Bb5 39.Bh5 Ke7 40.e3 Rc3 41.Be2 Bc6+ 42.Bf3 Bb5 43.Be2 Bc6+
44.Bf3 Bd7 45.h4 gxh4 46.Kh3 f5 47.Be2 Bc6 48.Kxh4 Be4 49.Bb5 Rc2 50.Rd7+ Kf6
51.Kg3 Bd5 52.Ra7 Rxa2 53.Ba4 Ra1 54.f3 Rf1 55.e4 fxe4 56.fxe4 Bxe4 57.Rxa5 Rf3+
58.Kg4 Rd3 59.Kf4 Bd5 60.Ra6 Bxb3 61.Bb5 Rd4+ 62.Ke3 Rh4 63.Rb6 Bd5 64.Bd3 b3
65.Bb1 Ke5 66.Bd3 Rh2 67.Rb4 Kd6 68.Be2 Kc5 69.Rb5+ Kc6 70.Rb4 Rh7 71.Bd3 Rb7
72.Rg4 Kc5 73.Kd2 e5 74.Kc3 Rc7 75.Ra4 e4 76.Rxe4 Bxe4 77.Bxe4 Re7  0-1

[Event "Bundesliga 2004-5"]
[Site "Neukoelln GER"]
[Date "2005.03.12"]
[Round "12"]
[White "Nikolic,Pr"]
[Black "Nisipeanu,LD"]
[Result "1/2-1/2"]
[WhiteElo "2676"]
[BlackElo "2673"]

1.d4 Nf6 2.c4 e6 3.Nf3 c5 4.d5 d6 5.Nc3 exd5 6.cxd5 g6 7.g3 Bg7 8.Bg2 O-O
9.O-O Re8 10.a4 a6 11.Nd2 Nbd7 12.a5 b5 13.axb6 Nxb6 14.Nb3 Nc4 15.Ra4 Nb6
16.Ra2 Nc4 17.Ra4 Nb6  1/2-1/2

[Event "Bundesliga 2004-5"]
[Site "Neukoelln GER"]
[Date "2005.03.13"]
[Round "13"]
[White "Carlsen,M"]
[Black "Nikolic,Pr"]
[Result "1/2-1/2"]
[WhiteElo "2553"]
[BlackElo "2676"]

1.e4 e5 2.Nf3 Nc6 3.Bb5 a6 4.Ba4 Nf6 5.O-O Be7 6.Re1 b5 7.Bb3 d6 8.c3 O-O
9.h3 Re8 10.d4 Bb7 11.Nbd2 Bf8 12.d5 Ne7 13.Nf1 g6 14.N3h2 Bg7 15.Qf3 Kh8
16.h4 Rf8 17.Ng3 h5 18.Bc2 Nh7 19.Qe2 Ng8 20.Nf3 Bf6 21.c4 Bxh4 22.Nxh4 Qxh4
23.cxb5 axb5 24.Qxb5 Ba6 25.Qb3 Ne7 26.Qf3 Kg7 27.Qe3 Kh8 28.Qf3 Kg7 29.Qe3 Kh8  1/2-1/2

[Event "Bundesliga 2005-6"]
[Site "Muelheim GER"]
[Date "2005.04.02"]
[Round "15"]
[White "Nikolic,Pr"]
[Black "Fridman,D2"]
[Result "1/2-1/2"]
[WhiteElo "2596"]
[BlackElo "2559"]

1.d4 Nf6 2.c4 e6 3.Nf3 d5 4.Bg5 h6 5.Bxf6 Qxf6 6.e3 Nd7 7.Nc3 c6 8.a3 Qd8
9.Bd3 Be7 10.O-O O-O 11.e4 dxe4 12.Bxe4 c5 13.Bc2 cxd4 14.Qxd4 Nf6 15.Qf4 Bd7
16.Rfd1  1/2-1/2